[Event "Santa Susanna op 15th"]
[Site "Santa Susanna"]
[Date "2021.08.04"]
[Round "6"]
[White "Halimov, Oleksandr"]
[Black "Parra Bola, Jose Maria"]
[Result "1-0"]
[WhiteElo "1824"]
[BlackElo "1873"]
[PlyCount "65"]
[EventDate "2021.08.02"]
[EventType "swiss"]
[EventRounds "9"]
[EventCountry "ESP"]
[SourceTitle "EXT 2022"]
[Source "ChessBase"]
[SourceDate "2021.10.06"]
[SourceVersion "1"]
[SourceVersionDate "2021.10.06"]
[SourceQuality "1"]

1. d4 d5 2. c4 c6 3. Nf3 e6 4. Nc3 f5 5. Bf4 Nf6 6. e3 Bd6 7. Bxd6 Qxd6 8. cxd5 exd5 9. Bd3 0-0 10. Qc2 Ne4 11. Ne5 Nd7 12. f4 Nxe5 13. fxe5 Qe7 14. 0-0-0 b5 15. g4 Qg5 16. Kb1 Bd7 17. gxf5 Nxc3+ 18. Qxc3 Qxe3 19. Rde1 Qf4 20. e6 Be8 21. Bc2 Rf6 22. Ref1 Qd6 23. Qd2 a5 24. Rhg1 Ra7 25. Qg5 Qf8 26. Rf4 Kh8 27. Rfg4 g6 28. Qh4 Rg7 29. fxg6 Rxe6 30. gxh7 Reg6 31. Bxg6 Bxg6+ 32. Ka1 Qf5 33. Rf4 1-0

[Event "Santa Susanna op 15th"]
[Site "Santa Susanna"]
[Date "2021.08.03"]
[Round "4"]
[White "Sanchez Aguilar, Arnau"]
[Black "Parra Bola, Jose Maria"]
[Result "0-1"]
[WhiteElo "1814"]
[BlackElo "1873"]
[PlyCount "66"]
[EventDate "2021.08.02"]
[EventType "swiss"]
[EventRounds "9"]
[EventCountry "ESP"]
[SourceTitle "EXT 2022"]
[Source "ChessBase"]
[SourceDate "2021.10.06"]
[SourceVersion "1"]
[SourceVersionDate "2021.10.06"]
[SourceQuality "1"]

1. Nf3 d5 2. c4 c6 3. b3 Nf6 4. Bb2 g6 5. e3 Bg7 6. Be2 0-0 7. Nc3 Re8 8. d4 a5 9. 0-0 Nbd7 10. cxd5 Nxd5 11. e4 Nf4 12. e5 Nxe2+ 13. Qxe2 Nb6 14. Ne4 Nd5 15. Nc5 b6 16. Ne4 Ba6 17. Qc2 Bxf1 18. Rxf1 Rc8 19. e6 f6 20. h4 Nf4 21. Re1 Nxe6 22. Neg5 Nxg5 23. hxg5 Qd5 24. Ba3 fxg5 25. Rxe7 Rxe7 26. Bxe7 g4 27. Nh2 Qxd4 28. Qe2 Qe5 29. Qxg4 Re8 30. Bg5 Qd4 31. Bf4 h5 32. Qg5 Re1+ 33. Nf1 Rxf1+ 0-1

[Event "Sabadell op-B 9th"]
[Site "Sabadell"]
[Date "2016.09.01"]
[Round "1"]
[White "Parra Bola, Jose Maria"]
[Black "Martinez Lopez Cozar, Manuel"]
[Result "1-0"]
[WhiteElo "1975"]
[BlackElo "1635"]
[PlyCount "35"]
[EventDate "2016.09.01"]
[EventType "swiss"]
[EventRounds "9"]
[EventCountry "ESP"]
[SourceTitle "CBM 174 Extra"]
[Source "ChessBase"]
[SourceDate "2016.10.10"]
[SourceVersion "1"]
[SourceVersionDate "2016.10.10"]
[SourceQuality "1"]

1. e4 c5 2. Nc3 d6 3. f4 e6 4. Bc4 a6 5. a4 Nc6 6. Nf3 Qc7 7. d3 Nf6 8. 0-0 g6 9. Ng5 Bg7 10. f5 Nd8 11. fxg6 hxg6 12. h3 b6 13. Bf4 Nh7 14. Nxh7 Rxh7 15. Qf3 Be5 16. Bxe5 dxe5 17. Ne2 Nc6 18. c3 1-0

[Event "Vall del Tenes op 5th"]
[Site "Vall del Tenes"]
[Date "2016.06.03"]
[Round "7"]
[White "Mas Recorda, Pere"]
[Black "Parra Bola, Jose Maria"]
[Result "0-1"]
[WhiteElo "2016"]
[BlackElo "1960"]
[PlyCount "76"]
[EventDate "2016.04.08"]
[EventType "swiss"]
[EventRounds "8"]
[EventCountry "ESP"]
[SourceTitle "CBM 172 Extra"]
[Source "ChessBase"]
[SourceDate "2016.06.21"]
[SourceVersion "1"]
[SourceVersionDate "2016.06.21"]
[SourceQuality "1"]

1. d4 d5 2. c4 e6 3. Nc3 c6 4. cxd5 cxd5 5. Nf3 Nc6 6. Bf4 Bd6 7. Bxd6 Qxd6 8. e3 Nf6 9. Bd3 0-0 10. 0-0 Bd7 11. Rc1 Rac8 12. h3 Rfd8 13. Bb1 g6 14. Qe2 Be8 15. Rfd1 Qb4 16. Ne1 Na5 17. Nd3 Qe7 18. Ne5 Nc4 19. Nxc4 Rxc4 20. Bd3 Rc7 21. Re1 Rdc8 22. Rcd1 Qb4 23. f3 Nh5 24. g4 Nf6 25. Qf2 Kg7 26. Kg2 Bd7 27. Rh1 h5 28. Rdf1 a6 29. g5 Ne8 30. e4 Qe7 31. h4 Bc6 32. Re1 Qd6 33. exd5 Bxd5 34. Re5 Bc6 35. Qe3 Rd8 36. d5 exd5 37. Qd4 Kg8 38. Bc2 f5 0-1

[Event "Vall del Tenes op 5th"]
[Site "Vall del Tenes"]
[Date "2016.05.06"]
[Round "5"]
[White "Buldo Polls, Joan"]
[Black "Parra Bola, Jose Maria"]
[Result "0-1"]
[WhiteElo "2123"]
[BlackElo "1960"]
[PlyCount "92"]
[EventDate "2016.04.08"]
[EventType "swiss"]
[EventRounds "8"]
[EventCountry "ESP"]
[SourceTitle "CBM 172 Extra"]
[Source "ChessBase"]
[SourceDate "2016.06.21"]
[SourceVersion "1"]
[SourceVersionDate "2016.06.21"]
[SourceQuality "1"]

1. Nf3 f5 2. g3 Nf6 3. Bg2 d5 4. 0-0 e6 5. d4 Bd6 6. c4 c6 7. c5 Bc7 8. Nc3 0-0 9. Bf4 Nbd7 10. e3 Ne4 11. Qc2 Re8 12. Nxe4 fxe4 13. Bg5 Nf6 14. Ne5 h6 15. Bxf6 gxf6 16. Ng6 Kg7 17. Nh4 f5 18. f3 Qg5 19. Qf2 Bd8 20. fxe4 dxe4 21. Bxe4 Qh5 22. Bc2 Bxh4 23. gxh4 e5 24. Kh1 exd4 25. Rg1+ Kh8 26. Qg3 Qf7 27. Qf4 Qf6 28. e4 Be6 29. Rg3 Rg8 30. exf5 Bd5+ 31. Be4 Rxg3 32. hxg3 Re8 33. Bxd5 cxd5 34. Rd1 Re4 35. Qb8+ Kg7 36. Qxb7+ Kh8 37. Qxd5 Rxh4+ 38. Kg2 Rg4 39. Kf3 h5 40. Rh1 Qg5 41. Qe5+ Kg8 42. Qe6+ Kf8 43. Qd6+ Kf7 44. Qe6+ Kf8 45. Qd6+ Kf7 46. Qc7+ Kf8 0-1

[Event "Vall del Tenes op 5th"]
[Site "Vall del Tenes"]
[Date "2016.04.15"]
[Round "2"]
[White "Parra Bola, Jose Maria"]
[Black "Mas Sayos, Lluis"]
[Result "1-0"]
[WhiteElo "1960"]
[BlackElo "1652"]
[PlyCount "75"]
[EventDate "2016.04.08"]
[EventType "swiss"]
[EventRounds "8"]
[EventCountry "ESP"]
[SourceTitle "CBM 172 Extra"]
[Source "ChessBase"]
[SourceDate "2016.06.21"]
[SourceVersion "1"]
[SourceVersionDate "2016.06.21"]
[SourceQuality "1"]

1. e4 c5 2. Nf3 d6 3. d4 cxd4 4. Qxd4 Nc6 5. Bb5 Bd7 6. Bxc6 Bxc6 7. Nc3 Nf6 8. Bg5 e5 9. Qd3 Be7 10. 0-0 Nd7 11. Bxe7 Qxe7 12. Rfd1 0-0 13. Qxd6 Qxd6 14. Rxd6 f6 15. Nd5 Bxd5 16. exd5 Nb6 17. b3 Kf7 18. c4 Ke7 19. Re6+ Kd7 20. Nd2 Rac8 21. Re1 Na8 22. Ne4 f5 23. Ng5 h6 24. Nf3 e4 25. Ne5+ Kd8 26. Ng6 Rf7 27. f3 Nc7 28. Rd6+ Rd7 29. Rxd7+ Kxd7 30. fxe4 Re8 31. e5 b5 32. Rf1 bxc4 33. bxc4 Rb8 34. Rxf5 Rb1+ 35. Rf1 Rb2 36. Rf7+ Kd8 37. e6 Ne8 38. Rd7+ 1-0

[Event "Roncana op-A 9th"]
[Site "Santa Eulalia de Roncana"]
[Date "2015.10.17"]
[Round "2"]
[White "Rius Riu, Gerard"]
[Black "Parra Bola, Jose Maria"]
[Result "0-1"]
[WhiteElo "1926"]
[BlackElo "2039"]
[PlyCount "34"]
[EventDate "2015.10.03"]
[EventType "swiss"]
[EventRounds "8"]
[EventCountry "ESP"]
[SourceTitle "EXT 2017"]
[Source "ChessBase"]
[SourceDate "2016.10.25"]
[SourceVersion "1"]
[SourceVersionDate "2016.10.25"]
[SourceQuality "1"]

1. e4 Nf6 2. Nc3 d6 3. f4 c5 4. Nf3 Nc6 5. d3 g6 6. h3 Bg7 7. Be3 a6 8. a4 Nh5 9. Be2 Ng3 10. Rg1 Be6 11. Bf2 Nxe2 12. Qxe2 Qb6 13. Nd5 Bxd5 14. exd5 Qxb2 15. Rd1 Qc3+ 16. Kf1 Nb4 17. Re1 Nxd5 0-1

[Event "Roncana op-A 8th"]
[Site "Santa Eulalia de Roncana"]
[Date "2014.11.29"]
[Round "7"]
[White "Parra Bola, Jose Maria"]
[Black "Ramon Serrano, Francisco Javier"]
[Result "0-1"]
[WhiteElo "2013"]
[BlackElo "2142"]
[PlyCount "36"]
[EventDate "2014.10.11"]
[EventType "swiss"]
[EventRounds "8"]
[EventCountry "ESP"]
[SourceTitle "CBM 163 Extra"]
[Source "ChessBase"]
[SourceDate "2014.12.23"]
[SourceVersion "1"]
[SourceVersionDate "2014.12.23"]
[SourceQuality "1"]

1. e4 d5 2. exd5 Nf6 3. Nf3 Qxd5 4. Nc3 Qh5 5. d4 Bg4 6. Be2 Nc6 7. Be3 0-0-0 8. Qc1 e6 9. Bg5 h6 10. Bxf6 gxf6 11. d5 exd5 12. Qf4 d4 13. Nb5 Bd6 14. Qxf6 Rhe8 15. Kf1 Rxe2 16. Nxa7+ Nxa7 17. Kxe2 Nc6 18. b3 Be5 0-1

[Event "Roncana op-A 8th"]
[Site "Santa Eulalia de Roncana"]
[Date "2014.11.22"]
[Round "6"]
[White "Parayre Soguero, Jordi"]
[Black "Parra Bola, Jose Maria"]
[Result "1/2-1/2"]
[WhiteElo "2107"]
[BlackElo "2013"]
[PlyCount "66"]
[EventDate "2014.10.11"]
[EventType "swiss"]
[EventRounds "8"]
[EventCountry "ESP"]
[SourceTitle "CBM 163 Extra"]
[Source "ChessBase"]
[SourceDate "2014.12.23"]
[SourceVersion "1"]
[SourceVersionDate "2014.12.23"]
[SourceQuality "1"]

1. d4 d5 2. Nf3 e6 3. c4 c6 4. Qc2 f5 5. Bf4 Nf6 6. e3 Bd6 7. Nc3 0-0 8. Bd3 Ne4 9. Bxd6 Qxd6 10. 0-0 Rf6 11. cxd5 Nxc3 12. bxc3 exd5 13. c4 Be6 14. Rab1 b6 15. Ne5 g6 16. f4 Nd7 17. Rfc1 Rc8 18. a4 Qc7 19. Rb2 Nxe5 20. dxe5 Rf7 21. c5 Re7 22. Ba6 Rb8 23. Rcb1 Ree8 24. cxb6 Rxb6 25. Rxb6 axb6 26. a5 Rb8 27. Kf2 Bd7 28. axb6 Rxb6 29. Bd3 Qb7 30. Rxb6 Qxb6 31. Qb1 Qxb1 32. Bxb1 Kf7 33. Ke2 Ke6 1/2-1/2

[Event "Roncana op-A 8th"]
[Site "Santa Eulalia de Roncana"]
[Date "2014.11.08"]
[Round "4"]
[White "Martinez Perez, Sergio"]
[Black "Parra Bola, Jose Maria"]
[Result "0-1"]
[WhiteElo "1934"]
[BlackElo "2013"]
[PlyCount "92"]
[EventDate "2014.10.11"]
[EventType "swiss"]
[EventRounds "8"]
[EventCountry "ESP"]
[SourceTitle "CBM 163 Extra"]
[Source "ChessBase"]
[SourceDate "2014.12.23"]
[SourceVersion "1"]
[SourceVersionDate "2014.12.23"]
[SourceQuality "1"]

1. e4 Nf6 2. e5 Nd5 3. c4 Nb6 4. d4 d6 5. Bf4 g6 6. Nf3 Bg7 7. h3 0-0 8. Bd3 Nc6 9. 0-0 Nb4 10. Be2 Bf5 11. Nc3 c5 12. d5 dxe5 13. Bxe5 Bxe5 14. Nxe5 f6 15. Nf3 Nc8 16. a3 Na6 17. Re1 Nd6 18. Nh4 Bd7 19. Bd3 Kg7 20. Qc2 Qe8 21. Re3 Qf7 22. Nxg6 hxg6 23. Bxg6 Qxg6 24. Rg3 Qxg3 25. fxg3 Nxc4 26. Ne4 Ne5 27. Rf1 Bb5 28. Rd1 b6 29. Qc3 Rad8 30. Ng5 Bd7 31. Re1 Ng6 32. Ne4 e6 33. Rf1 Nb8 34. Qd3 Ne7 35. d6 Nd5 36. b3 Bc6 37. g4 e5 38. a4 Nf4 39. Qe3 Bxe4 40. Qxe4 a5 41. Rd1 Rf7 42. Kh2 Ne6 43. Qd5 Nd4 44. g3 Rfd7 45. h4 Rxd6 46. Qe4 Nf3+ 0-1

[Event "Vall del Tenes op 3rd"]
[Site "Santa Eulalia de Roncana"]
[Date "2014.05.30"]
[Round "6"]
[White "Parra Bola, Jose Maria"]
[Black "Exojo Lozano, Angel"]
[Result "1-0"]
[WhiteElo "1989"]
[BlackElo "1903"]
[PlyCount "121"]
[EventDate "2014.04.25"]
[EventType "swiss"]
[EventRounds "8"]
[EventCountry "ESP"]
[SourceTitle "CBM 160 Extra"]
[Source "ChessBase"]
[SourceDate "2014.07.01"]
[SourceVersion "1"]
[SourceVersionDate "2014.07.01"]
[SourceQuality "1"]

1. e4 d6 2. d4 Nf6 3. Nc3 g6 4. f4 Bg7 5. Nf3 0-0 6. Bc4 Bg4 7. Be3 Nc6 8. Bb3 a6 9. h3 Bxf3 10. Qxf3 Na5 11. e5 Nxb3 12. axb3 Nd7 13. Qxb7 Qc8 14. Qxc8 Rfxc8 15. Nd5 Kf8 16. Nb4 c5 17. dxc5 Nxc5 18. exd6 exd6 19. 0-0-0 Nxb3+ 20. Kb1 Na5 21. Bd4 Bxd4 22. Rxd4 Rc4 23. Rhd1 Rxd4 24. Rxd4 Ke7 25. Nd5+ Kf8 26. Nf6 Ke7 27. Nd5+ Kf8 28. Ra4 Nc6 29. Nc7 Ra7 30. Nxa6 Nb8 31. Nc5 Rxa4 32. Nxa4 Nc6 33. Kc1 Ke7 34. Kd2 Nb4 35. Nb6 Ke6 36. c3 Na6 37. b4 d5 38. Kd3 Nc7 39. Na4 h5 40. Kd4 Kd6 41. Nc5 Nb5+ 42. Kd3 Na3 43. Nb7+ Kc7 44. Na5 Nb5 45. c4 dxc4+ 46. Nxc4 Kd7 47. Ke4 Ke6 48. Ne3 f6 49. f5+ gxf5+ 50. Nxf5 Nc3+ 51. Kf4 Nd5+ 52. Ke4 Nxb4 53. Ng7+ Kf7 54. Nxh5 Nc6 55. Nf4 Ne7 56. Nd5 f5+ 57. Ke5 Nxd5 58. Kxd5 Kf6 59. h4 Kg7 60. Ke5 Kg6 61. g3 1-0

[Event "Roncana op 6th"]
[Site "Santa Eulalia de Roncana"]
[Date "2012.11.24"]
[Round "7"]
[White "Alfonso Nogue, Alfonso"]
[Black "Parra Bola, Jose Maria"]
[Result "1-0"]
[WhiteElo "2059"]
[BlackElo "2002"]
[PlyCount "33"]
[EventDate "2012.10.06"]
[EventType "swiss"]
[EventRounds "8"]
[EventCountry "ESP"]
[SourceTitle "EXT 2014"]
[Source "ChessBase"]
[SourceDate "2013.11.20"]
[SourceVersion "1"]
[SourceVersionDate "2013.11.20"]
[SourceQuality "1"]

1. d4 f5 2. Bg5 g6 3. e3 Bg7 4. c4 b6 5. Nc3 Nf6 6. Nf3 Bb7 7. Be2 d5 8. cxd5 Bxd5 9. 0-0 Bb7 10. Qb3 Nd5 11. Rac1 h6 12. Bh4 Nxc3 13. Rxc3 Bd5 14. Bc4 c6 15. Rfc1 Na6 16. Bxd5 Qxd5 17. Qa3 1-0

[Event "Roncana op 6th"]
[Site "Santa Eulalia de Roncana"]
[Date "2012.11.03"]
[Round "4"]
[White "Ortega Serra, Marc"]
[Black "Parra Bola, Jose Maria"]
[Result "1-0"]
[WhiteElo "2178"]
[BlackElo "2002"]
[PlyCount "63"]
[EventDate "2012.10.06"]
[EventType "swiss"]
[EventRounds "8"]
[EventCountry "ESP"]
[SourceTitle "EXT 2014"]
[Source "ChessBase"]
[SourceDate "2013.11.20"]
[SourceVersion "1"]
[SourceVersionDate "2013.11.20"]
[SourceQuality "1"]

1. d4 e6 2. Nf3 f5 3. g3 c6 4. Bg2 d5 5. 0-0 Bd6 6. b3 Qe7 7. a4 a5 8. Ba3 Nf6 9. Qc1 Ne4 10. Bxd6 Qxd6 11. c4 b6 12. Ne5 Nd7 13. cxd5 cxd5 14. Nc3 Ba6 15. Bxe4 fxe4 16. Nxd7 Qxd7 17. Qf4 Rf8 18. Qh4 Kf7 19. f3 Kg8 20. fxe4 dxe4 21. Qxe4 Bb7 22. Qd3 Qc6 23. e4 Rxf1+ 24. Rxf1 Ba6 25. Nb5 Bxb5 26. axb5 Qd7 27. Rd1 Rc8 28. Qe2 Rc3 29. d5 Rxb3 30. dxe6 Qxe6 31. Rd8+ Kf7 32. Qh5+ 1-0

[Event "Roncana op 6th"]
[Site "Santa Eulalia de Roncana"]
[Date "2012.10.20"]
[Round "2"]
[White "Parra Bola, Jose Maria"]
[Black "Garcia Cano, Antonio"]
[Result "0-1"]
[WhiteElo "2002"]
[BlackElo "2245"]
[PlyCount "43"]
[EventDate "2012.10.06"]
[EventType "swiss"]
[EventRounds "8"]
[EventCountry "ESP"]
[SourceTitle "EXT 2014"]
[Source "ChessBase"]
[SourceDate "2013.11.20"]
[SourceVersion "1"]
[SourceVersionDate "2013.11.20"]
[SourceQuality "1"]

1. e4 e5 2. d4 exd4 3. Qxd4 Nc6 4. Qe3 Nf6 5. Nc3 Bb4 6. Bd2 0-0 7. 0-0-0 Re8 8. Qg3 Rxe4 9. a3 Bxc3 10. Bxc3 d5 11. f3 Re6 12. Ne2 Rd6 13. Qh4 a5 14. Nd4 Nxd4 15. Bxd4 Bf5 16. g4 Bg6 17. f4 Be4 18. Rg1 Nd7 19. g5 c5 20. Bf6 Nxf6 21. gxf6 Qxf6 22. Qf2 0-1

[Event "Llinars del Valles op-A 6th"]
[Site "Llinars del Valles"]
[Date "2012.05.05"]
[Round "4"]
[White "Parra Bola, Jose Maria"]
[Black "Ligero Martinez, Jesus"]
[Result "1/2-1/2"]
[WhiteElo "2073"]
[BlackElo "1879"]
[PlyCount "33"]
[EventDate "2012.04.14"]
[EventType "swiss"]
[EventRounds "9"]
[EventCountry "ESP"]
[SourceTitle "EXT 2013"]
[Source "ChessBase"]
[SourceDate "2012.11.22"]
[SourceVersion "1"]
[SourceVersionDate "2012.11.22"]
[SourceQuality "1"]

1. d4 Nf6 2. Nf3 e6 3. e3 c5 4. b3 Nc6 5. Bb2 d5 6. Nbd2 a6 7. Ne5 Nxe5 8. dxe5 Nd7 9. a4 b6 10. Bd3 Bb7 11. 0-0 Rc8 12. f4 g6 13. f5 gxf5 14. Qh5 Rg8 15. Nf3 Rg6 16. Qxh7 Rh6 17. Qg8 1/2-1/2

[Event "Canovelles op 11th"]
[Site "Canovelles"]
[Date "2008.04.18"]
[Round "6.12"]
[White "Cuesta Acero, Carles"]
[Black "Parra Bola, Jose Maria"]
[Result "0-1"]
[WhiteElo "1612"]
[BlackElo "2080"]
[PlyCount "42"]
[EventDate "2008.03.07"]
[EventType "swiss"]
[EventRounds "9"]
[EventCountry "ESP"]
[SourceTitle "EXT 2024"]
[Source "ChessBase"]
[SourceDate "2023.10.10"]
[SourceVersion "1"]
[SourceVersionDate "2023.10.10"]
[SourceQuality "1"]

1. e4 Nf6 2. e5 Nd5 3. c4 Nb6 4. d4 d6 5. exd6 cxd6 6. Nc3 g6 7. Be3 Bg7 8. Qd2 0-0 9. Bh6 Nc6 10. Bxg7 Kxg7 11. h4 h6 12. 0-0-0 Bf5 13. f3 Nb4 14. a3 Nc2 15. g4 Na1 16. gxf5 Nb3+ 17. Kc2 Nxd2 18. Rxd2 Qc8 19. fxg6 Nxc4 20. Re2 Qf5+ 21. Kb3 Qd3 0-1

[Event "Canovelles op 11th"]
[Site "Canovelles"]
[Date "2008.03.28"]
[Round "3.6"]
[White "Lopez Santana, Oscar"]
[Black "Parra Bola, Jose Maria"]
[Result "1-0"]
[WhiteElo "2238"]
[BlackElo "2080"]
[PlyCount "66"]
[EventDate "2008.03.07"]
[EventType "swiss"]
[EventRounds "9"]
[EventCountry "ESP"]
[SourceTitle "EXT 2024"]
[Source "ChessBase"]
[SourceDate "2023.10.10"]
[SourceVersion "1"]
[SourceVersionDate "2023.10.10"]
[SourceQuality "1"]

1. e4 Nf6 2. e5 Nd5 3. d4 d6 4. Bc4 c6 5. f4 g6 6. Ne2 Bg7 7. 0-0 dxe5 8. fxe5 0-0 9. Nbc3 Nxc3 10. bxc3 b5 11. Bd3 Na6 12. Be4 Bb7 13. a4 Qb6 14. Bg5 c5 15. Bxb7 Qxb7 16. Rb1 b4 17. cxb4 cxd4 18. b5 Nb8 19. Qxd4 Qc7 20. Qd5 Nd7 21. Bxe7 Nb6 22. Qd6 Rfc8 23. e6 f5 24. a5 Nc4 25. Qxc7 Rxc7 26. Bb4 Ne3 27. Rf3 Nxc2 28. Bd6 Rb7 29. Rd3 Re8 30. Rc1 Rxe6 31. Rxc2 Rd7 32. b6 axb6 33. axb6 Rexd6 1-0

[Event "Canovelles op 11th"]
[Site "Canovelles"]
[Date "2008.03.14"]
[Round "2.11"]
[White "Parra Bola, Jose Maria"]
[Black "Melich Martinez, Josep"]
[Result "1-0"]
[WhiteElo "2080"]
[BlackElo "1914"]
[PlyCount "41"]
[EventDate "2008.03.07"]
[EventType "swiss"]
[EventRounds "9"]
[EventCountry "ESP"]
[SourceTitle "EXT 2024"]
[Source "ChessBase"]
[SourceDate "2023.10.10"]
[SourceVersion "1"]
[SourceVersionDate "2023.10.10"]
[SourceQuality "1"]

1. e4 c6 2. d4 d5 3. e5 Bf5 4. h4 h6 5. g4 Bd7 6. Nh3 e6 7. Bd3 Qxh4 8. Qf3 Qe7 9. Nf4 c5 10. dxc5 Nc6 11. Qe2 Qg5 12. Rh5 Qd8 13. g5 Qa5+ 14. Bd2 Qxc5 15. g6 f5 16. exf6 Nxf6 17. Nxe6 Bxe6 18. Qxe6+ Qe7 19. Qxe7+ Bxe7 20. Rh3 Bc5 21. Nc3 1-0